000 00705nmc a2200277 a 4500
003 AR-BaBNM
005 20251128203100.0
008 235020s2005 ||||||||||||||000 | spa||
020 _a950-07-2493-6
040 _cAR-BaBNM
100 1 _aShua, Ana María
245 1 0 _aAni salva a la perra Laika
250 _a4ª ed.
260 _aBuenos Aires
_bSudamericana
_c2005
300 0 _a59 p.
_bil.
490 0 _aPan Flauta
_vv. 38
650 4 _aLITERATURA ARGENTINA
650 4 _aLITERATURA CONTEMPORANEA
650 4 _aLIBROS PARA NINOS
653 _aLITERATURA JUVENIL
655 _aLITERATURA
700 1 _aNine, Lucas
_eilustrador
800 0 _aCanela
942 _cBK
998 _cme-solo cat
999 _c1797
_d1797